Nuevo régimen local / por la redacción de: El Consultor de los Ayuntamientos El Consultor de los Ayuntamientos
ISBN:
84-7052-149-7
Descripción Física:
3 v. ; 24 cm
MARC
| LEADER | 00000nam a2200000Ia 4500 | ||
|---|---|---|---|
| 001 | 17169, 17170, 17171 | ||
| 008 | 160829s1888 - 1991 xx 000 0 cat d | ||
| 020 | |a 84-7052-149-7 (o.c.), 84-7052-150-0 (v.1), 84-7052-160-8 (v.2), 84-7052-186-1 (v.3) | ||
| 080 | |a D-3-46, D-3-47, D-3-48 | ||
| 100 | |a Espanya. Ley de Bases del Régimen Local (1985) |9 20497 | ||
| 245 | |a Nuevo régimen local / por la redacción de: |b El Consultor de los Ayuntamientos | ||
| 250 | |a 3a ed. | ||
| 260 | |a Madrid : |b Abella : |b El Consultor de los Ayuntamientos y de los Juzgados, |c 1888 - 1991 | ||
| 300 | |a 3 v. ; |c 24 cm | ||
| 590 | |a Índexs | ||
| 650 | 0 | |a Administració local |x Dret i legislació |z Espanya |9 11255 | |
| 710 | 2 | |a Consultor de los Ayuntamiento y de los Juzgados |e entitat autora |9 55140 | |
| 901 | |a Arxiu | ||
| 942 | |n 1 |2 udc | ||
| 952 | |0 1 |1 0 |2 udc |4 0 |5 2 |6 D346_D347_D348 |7 1 |9 48254 |a Arxiu |b Arxiu |d 2016-12-01 |l 0 |o D-3-46, D-3-47, D-3-48 |p 17169, 17170, 17171 |r 2016-12-01 00:00:00 |w 2016-12-01 |y ARXIU | ||
| 999 | |c 52060 |d 52060 | ||